UBT Library

South Asia in the world : (Record no. 434)

000 -LEADER
fixed length control field 00718nam a22002177a 4500
005 - DATE AND TIME OF LATEST TRANSACTION
control field 20140401095917.0
008 - FIXED-LENGTH DATA ELEMENTS--GENERAL INFORMATION
fixed length control field 031117s2004 ja ab b 001 0 eng
020 ## - INTERNATIONAL STANDARD BOOK NUMBER
International Standard Book Number 9280810936
080 ## - UNIVERSAL DECIMAL CLASSIFICATION NUMBER
Universal Decimal Classification number 95
245 00 - TITLE STATEMENT
Title South Asia in the world :
Statement of responsibility, etc edited by Ramesh thakur and Oddny Wiggen.
260 ## -
-- Tokyo ;
-- New York :
-- United Nations University Press,
-- 2004.
300 ## -
-- 451 f. :
-- me il.;
-- 24 cm.
504 ## - BIBLIOGRAPHY, ETC. NOTE
Bibliography, etc Përfshin bibliografin f. 441-451
650 #0 -
-- Historia
650 #0 -
-- Azia
651 #0 -
-- South Asia
651 #0 -
-- South Asia
700 1# -
-- Thakur, Ramesh Chandra,
700 1# -
-- Wiggen, Oddny.
942 ## - ADDED ENTRY ELEMENTS (KOHA)
Source of classification or shelving scheme
Item type Books
Holdings
Withdrawn status Lost status Source of classification or shelving scheme Damaged status Not for loan Collection code Permanent location Current location Shelving location Date acquired Total Checkouts Full call number Barcode Date last seen Koha item type
          Koleksioni i përgjithshem UBT - Ferizaj UBT - Ferizaj Koleksioni i përgjithshem 04/01/2014   95 THA 003000271 04/01/2014 Books
          Koleksioni i përgjithshem UBT - Ferizaj UBT - Ferizaj Koleksioni i përgjithshem 04/01/2014   95 THA 003000272 04/01/2014 Books
          Koleksioni i përgjithshem UBT - Ferizaj UBT - Ferizaj Koleksioni i përgjithshem 04/01/2014   95 THA 003000273 04/01/2014 Books
          Koleksioni i përgjithshem UBT - Ferizaj UBT - Ferizaj Koleksioni i përgjithshem 04/01/2014   95 THA 003000274 04/01/2014 Books
          Koleksioni i përgjithshem UBT - Ferizaj UBT - Ferizaj Koleksioni i përgjithshem 04/01/2014   95 THA 003000275 04/01/2014 Books
          Koleksioni i përgjithshem UBT - Ferizaj UBT - Ferizaj Koleksioni i përgjithshem 04/01/2014   95 THA 003000276 04/01/2014 Books
          Koleksioni i përgjithshem UBT - Ferizaj UBT - Ferizaj Koleksioni i përgjithshem 04/01/2014   95 THA 003000277 04/01/2014 Books
          Koleksioni i përgjithshem UBT - Ferizaj UBT - Ferizaj Koleksioni i përgjithshem 04/01/2014   95 THA 003000278 04/01/2014 Books
          Koleksioni i përgjithshem UBT - Ferizaj UBT - Ferizaj Koleksioni i përgjithshem 04/01/2014   95 THA 003000279 04/01/2014 Books
          Koleksioni i përgjithshem UBT - Ferizaj UBT - Ferizaj Koleksioni i përgjithshem 04/01/2014   95 THA 003000280 04/01/2014 Books
UBT Library © 2015-2024. All rights reserved University Education for Business and Technology